Fembra

সংরক্ষণ করুন:
গ্রন্থ-পঞ্জীর বিবরন
প্রধান লেখক: Brescia, Maura (Author)
বিন্যাস: গ্রন্থ
ভাষা:স্প্যানিশ
প্রকাশিত: Santiago Mare Nostrum 1984
বিষয়গুলি:
ট্যাগগুলো: ট্যাগ যুক্ত করুন
কোনো ট্যাগ নেই, প্রথমজন হিসাবে ট্যাগ করুন!

MARC

LEADER 00000nam a2200000 a 4500
001 UCW8689
003 CL-VaPUC
008 881020e19840000CL |||||||||||||||||spa|d
082 0 4 |a Ch863  |b BRE  |2 21 
100 0 |a Brescia, Maura  |e author  |9 313904 
245 1 0 |a Fembra 
300 |a 126 p 
942 |c BK 
945 |d 19881020 00:00:00 
260 |a Santiago  |b Mare Nostrum  |c 1984 
650 0 |a Cuentos chilenos   |9 308280 
583 |a last modification  |c 19881020 00:00:00  |k Rodrigo Vera 
999 |c 220984  |d 220982 
952 |0 0  |1 0  |4 0  |6 CH_863_000000000000000_BRE_1984  |7 0  |8 A  |9 213849  |a BIBEDU  |b BIBEDU  |d 2019-11-15  |i 2821966  |o Ch863 BRE 1984  |p 2821966  |r 2019-11-15  |w 2019-11-15  |y BK  |k LIT